| 000 | 00965nam a2200265 i 4500 | ||
|---|---|---|---|
| 001 | 16592 | ||
| 003 | ES-MaACL | ||
| 005 | 20250901041012.0 | ||
| 007 | t| | ||
| 008 | 001018m19911992mx ||||1| spa d | ||
| 020 | _a968-16-3608-2 | ||
| 080 | _a159.942 | ||
| 100 | 1 |
_aJanet, Pierre. _966019 |
|
| 245 | 1 | 0 |
_aDe la angustia al éxtasis / _cPierre Janet ; traducción de Juan José Utrilla ; revisión técnica de Héctor Pérez Rincón. |
| 250 | _a1ª ed. en español de la 1ª reimp. | ||
| 260 |
_aMéxico : _bFondo de Cultura Económica, _c1991-1992. |
||
| 300 |
_a2 v. ; _c23 cm. |
||
| 490 | 1 | _aColección de psicología, psiquiatría y psicoanálisis | |
| 650 | 7 |
_aEmociones y sentimientos _2embne _912196 |
|
| 700 | 1 |
_aUtrilla, Juan José. _9112336 |
|
| 700 | 1 |
_aPérez Rincón, Héctor. _991108 |
|
| 830 | 1 |
_aColección de psicología, psiquiatría y psicoanálisis _9191868 |
|
| 852 |
_aES-MaACL _jL-23642-43 |
||
| 999 |
_c16592 _d16592 |
||